[Event "17. Int. Offene Wiener Schachmeisterschaft 2011 A-
[Site "Grosser Festsaal im Wiener Rathaus"]
[Date "2011.08.13"]
[Round "1"]
[Board "1"]
[White "Kleibaumhueter, Klaus"]
[Black "Khenkin, Igor"]
[Result "0-1"]
[WhiteElo "2113"]
[BlackElo "2620"]
[PlyCount "52"]
[EventDate "2011.08.13"]
[EventRounds "9"]
[EventCountry "AUT"]

1.Nf3 d5 2.d4 c6 3.c4 dxc4 4.Qc2 b5 5.g3 e6 6.Bg2 Bb7 7.O-O Nf6 8.Rd1 Nbd7 9.Nc3
a6 10.Ne5 Qc8 11.Bg5 Nxe5 12.dxe5 Nd7 13.Rd2 h6 14.Rad1 hxg5 15.Rxd7 Qxd7
16.Rxd7 Kxd7 17.Qd2+ Kc7 18.Qxg5 Rd8 19.Bf3 Rd7 20.a4 b4 21.Ne4 Rd1+ 22.Kg2 c3
23.Nd6 c2 24.Qf4 Kb8 25.Qxf7 Bxd6 26.exd6 c1=Q 0-1

[Event "17. Int. Offene Wiener Schachmeisterschaft 2011 A-
[Site "Grosser Festsaal im Wiener Rathaus"]
[Date "2011.08.13"]
[Round "1"]
[Board "1"]
[White "Gleizerov, Evgeny"]
[Black "Lucaci, Marius"]
[Result "1-0"]
[WhiteElo "2590"]
[BlackElo "2112"]
[PlyCount "43"]
[EventDate "2011.08.13"]
[EventRounds "9"]
[EventCountry "AUT"]

1.d4 d5 2.c4 c6 3.Nf3 Nf6 4.Nc3 dxc4 5.a4 Bf5 6.e3 e6 7.Bxc4 Nbd7 8.O-O Be7
9.Qe2 Nb6 10.Bb3 Nbd5 11.Ne5 O-O 12.Rd1 Qb6 13.Bc4 Rfd8 14.g4 Bg6 15.h4 Nxc3
16.bxc3 Ne4 17.h5 Nxc3 18.Qf3 Bf6 19.hxg6 Bxe5 20.gxf7+ Kh8 21.Rd3 Qb4 22.dxe5 1-0

[Event "17. Int. Offene Wiener Schachmeisterschaft 2011 A-
[Site "Grosser Festsaal im Wiener Rathaus"]
[Date "2011.08.13"]
[Round "1"]
[Board "1"]
[White "Spiler, Angelo"]
[Black "Buhmann, Rainer"]
[Result "0-1"]
[WhiteElo "2111"]
[BlackElo "2582"]
[PlyCount "88"]
[EventDate "2011.08.13"]
[EventRounds "9"]
[EventCountry "AUT"]

1.e4 e6 2.d4 d5 3.e5 c5 4.c3 Nc6 5.Nf3 Bd7 6.Be2 Rc8 7.O-O a6 8.g3 Nge7 9.Bg5 h6
10.Bxe7 Bxe7 11.Nbd2 O-O 12.dxc5 Bxc5 13.Nb3 Ba7 14.Nbd4 Qb6 15.Rb1 f6 16.Nxc6
Bxc6 17.exf6 Rxf6 18.Qd4 Rcf8 19.Kg2 Bb5 20.Bxb5 axb5 21.Qxb6 Bxb6 22.Nd4 e5
23.Nxb5 Rxf2+ 24.Rxf2 Rxf2+ 25.Kh3 Kf7 26.a4 Ke6 27.b4 h5 28.Re1 g5 29.g4 Rf3+
30.Kg2 hxg4 31.a5 Be3 32.Nc7+ Kd6 33.Nb5+ Kc6 34.Na3 e4 35.Re2 Bf4 36.Nb1 Rh3
37.Kg1 g3 38.hxg3 Rxg3+ 39.Kf1 Rh3 40.Kg1 g4 41.Rg2 g3 42.Re2 Rh2 43.Rg2 e3
44.Na3 e2 0-1

[Event "17. Int. Offene Wiener Schachmeisterschaft 2011 A-
[Site "Grosser Festsaal im Wiener Rathaus"]
[Date "2011.08.13"]
[Round "1"]
[Board "1"]
[White "Degraeve, Jean-Marc"]
[Black "Wagner, Oliver"]
[Result "1-0"]
[WhiteElo "2574"]
[BlackElo "2111"]
[PlyCount "59"]
[EventDate "2011.08.13"]
[EventRounds "9"]
[EventCountry "AUT"]

1.e4 e6 2.d4 d5 3.Nd2 Nf6 4.e5 Nfd7 5.Ngf3 c5 6.c3 Nc6 7.Bd3 a5 8.O-O cxd4
9.cxd4 Qb6 10.a3 Nxd4 11.Nxd4 Qxd4 12.Nf3 Qb6 13.Qa4 Be7 14.Bb5 Qd8 15.Qg4 Kf8
16.Be3 Nb8 17.h4 Bd7 18.Bd3 Qe8 19.Rac1 Na6 20.h5 Bb5 21.Bxb5 Qxb5 22.h6 g6
23.Bg5 Qd7 24.Qf4 f5 25.exf6 Bd6 26.Qd4 Rg8 27.Bf4 Rd8 28.Rfe1 Nb8 29.Bxd6+ Qxd6
30.Ng5 1-0

[Event "17. Int. Offene Wiener Schachmeisterschaft 2011 A-
[Site "Grosser Festsaal im Wiener Rathaus"]
[Date "2011.08.13"]
[Round "1"]
[Board "1"]
[White "Scholzen, Wolfgang"]
[Black "Hertneck, Gerald"]
[Result "0-1"]
[WhiteElo "2110"]
[BlackElo "2551"]
[PlyCount "70"]
[EventDate "2011.08.13"]
[EventRounds "9"]
[EventCountry "AUT"]

1.d4 f5 2.Nf3 g6 3.e3 Nf6 4.c4 Bg7 5.Bd3 d6 6.Nc3 O-O 7.O-O Nc6 8.d5 Nb4 9.Nd4
c5 10.Nf3 Kh8 11.Bb1 e5 12.dxe6 Bxe6 13.Qe2 Nd7 14.a3 Nc6 15.Rd1 Nb6 16.Ba2 Qe7
17.Nd5 Bxd5 18.cxd5 Ne5 19.Nxe5 Qxe5 20.Rb1 f4 21.Qf3 fxe3 22.Qxe3 Qh5 23.Qd3 c4
24.Qc2 Rac8 25.Be3 Nxd5 26.Bd4 Bxd4 27.Rxd4 Nf4 28.Rxc4 Rce8 29.Qd1 Ne2+ 30.Kh1
Rxf2 31.Qxd6 Qf5 32.h3 Rf1+ 33.Kh2 Rxb1 34.Bxb1 Qxb1 35.Qf6+ Kg8 0-1

[Event "17. Int. Offene Wiener Schachmeisterschaft 2011 A-
[Site "Grosser Festsaal im Wiener Rathaus"]
[Date "2011.08.13"]
[Round "1"]
[Board "1"]
[White "Polak, Tomas"]
[Black "Boesch, Dirk"]
[Result "1-0"]
[WhiteElo "2540"]
[BlackElo "2101"]
[PlyCount "57"]
[EventDate "2011.08.13"]
[EventRounds "9"]
[EventCountry "AUT"]

1.d4 d5 2.c4 dxc4 3.e3 Nf6 4.Bxc4 e6 5.Nf3 a6 6.O-O c5 7.a4 Qc7 8.Qe2 Bd6 9.dxc5
Bxc5 10.e4 Nc6 11.Nc3 O-O 12.Be3 b6 13.h3 Rd8 14.Rfd1 Rxd1+ 15.Rxd1 Nb4 16.Bxc5
bxc5 17.e5 Nfd5 18.Bxd5 exd5 19.Nxd5 Nxd5 20.Rxd5 Bb7 21.Rd6 Re8 22.Qd3 Qa5
23.Nd2 h6 24.b3 Qb4 25.e6 fxe6 26.Qg6 Rb8 27.Qxe6+ Kh8 28.Qe5 Qh4 29.Rg6 1-0

[Event "17. Int. Offene Wiener Schachmeisterschaft 2011 A-
[Site "Grosser Festsaal im Wiener Rathaus"]
[Date "2011.08.13"]
[Round "1"]
[Board "1"]
[White "Hera, Imre"]
[Black "Gonzalez Bringue, Ricard"]
[Result "1-0"]
[WhiteElo "2536"]
[BlackElo "2106"]
[PlyCount "59"]
[EventDate "2011.08.13"]
[EventRounds "9"]
[EventCountry "AUT"]

1.d4 Nf6 2.c4 e5 3.dxe5 Ng4 4.Nf3 Nc6 5.Bf4 Bb4+ 6.Nc3 Qe7 7.Qd5 a5 8.h3 Nh6
9.Qd2 b6 10.a3 Bxc3 11.Qxc3 Rg8 12.Bg5 Qc5 13.e3 Nf5 14.Bd3 h6 15.Bxf5 hxg5
16.O-O-O g6 17.Bg4 Qe7 18.h4 gxh4 19.Rxh4 Nd8 20.Rh7 Ne6 21.Bxe6 dxe6 22.c5 bxc5
23.Nh2 Bd7 24.Ng4 O-O-O 25.Nf6 Rgf8 26.Rh4 Bc6 27.Rxd8+ Rxd8 28.Rc4 Bxg2 29.Qxa5
Bf3 30.e4 1-0

[Event "17. Int. Offene Wiener Schachmeisterschaft 2011 A-
[Site "Grosser Festsaal im Wiener Rathaus"]
[Date "2011.08.13"]
[Round "1"]
[Board "1"]
[White "Mercant Simo, Jaime"]
[Black "Ulibin, Mikhail"]
[Result "0-1"]
[WhiteElo "2107"]
[BlackElo "2538"]
[PlyCount "45"]
[EventDate "2011.08.13"]
[EventRounds "9"]
[EventCountry "AUT"]

1.e4 c5 2.Nf3 e6 3.d4 cxd4 4.Nxd4 a6 5.c4 Nf6 6.Bd3 Nc6 7.Nc2 b5 8.b3 bxc4
9.bxc4 Bb7 10.Bb2 Qc7 11.Qe2 Bd6 12.h3 Be5 13.Bc3 O-O 14.O-O Rfc8 15.Bxe5 Nxe5
16.Nd2 Qd6 17.Ne1 a5 18.Qe3 Qc5 19.Qg3 Nh5 20.Qh4 Ng6 21.Qg4 Nhf4 22.Qf3 Qg5
23.Qd1 0-1

[Event "17. Int. Offene Wiener Schachmeisterschaft 2011 A-
[Site "Grosser Festsaal im Wiener Rathaus"]
[Date "2011.08.13"]
[Round "1"]
[Board "1"]
[White "Petrov, Marijan"]
[Black "Steiner, Karl"]
[Result "1-0"]
[WhiteElo "2534"]
[BlackElo "2105"]
[PlyCount "137"]
[EventDate "2011.08.13"]
[EventRounds "9"]
[EventCountry "AUT"]

1.e4 e5 2.Nf3 Nc6 3.Bc4 Bc5 4.O-O Nf6 5.d3 h6 6.a3 a5 7.c3 d6 8.d4 Bb6 9.Bb5 Bd7
10.Qd3 O-O 11.Nbd2 exd4 12.cxd4 Re8 13.Re1 d5 14.e5 Nh7 15.Nf1 Nf8 16.Ng3 Ne7
17.Be3 a4 18.Bxd7 Qxd7 19.h3 Ra5 20.Rad1 Qb5 21.Qb1 Ra6 22.Nh2 Ba5 23.Re2 Rg6
24.Rc2 Qd7 25.Ng4 Bb6 26.Re2 Qb5 27.Red2 Ba5 28.Rc2 Nd7 29.f4 f5 30.exf6 Nxf6
31.Nxf6+ Rxf6 32.Rc5 Qa6 33.Qc2 Qe6 34.Bc1 Bb6 35.Qxa4 Nc6 36.Rc3 Rff8 37.Be3
Qf6 38.Kh2 Ra8 39.Qb3 Rad8 40.Rcd3 Na5 41.Qc2 Nc4 42.Bc1 c6 43.Qe2 Bc7 44.Qg4
Bxf4 45.Rf1 Bxg3+ 46.Rxg3 h5 47.Rxf6 hxg4 48.Rg6 Rd6 49.R6xg4 Rf7 50.b3 Nb6
51.a4 Nd7 52.Bg5 Nf6 53.Bxf6 Rdxf6 54.Re3 Kf8 55.Kg3 g6 56.h4 Re7 57.Rxe7 Kxe7
58.Rf4 Re6 59.Kf2 Ke8 60.g4 Ke7 61.a5 Rd6 62.g5 Re6 63.b4 Ke8 64.Rf3 Rd6 65.Ra3
Kf7 66.Rb3 Ke6 67.b5 Kf5 68.Kf3 Rd7 69.Re3 1-0

[Event "17. Int. Offene Wiener Schachmeisterschaft 2011 A-
[Site "Grosser Festsaal im Wiener Rathaus"]
[Date "2011.08.13"]
[Round "1"]
[Board "1"]
[White "Dehmel, Jens"]
[Black "Stanec, Nikolaus"]
[Result "0-1"]
[WhiteElo "2105"]
[BlackElo "2536"]
[PlyCount "42"]
[EventDate "2011.08.13"]
[EventRounds "9"]
[EventCountry "AUT"]

1.e4 c6 2.d4 d5 3.Nc3 g6 4.Nf3 Bg7 5.Be2 dxe4 6.Nxe4 Nf6 7.Nxf6+ exf6 8.O-O O-O
9.c3 Nd7 10.Bf4 Nb6 11.c4 Bg4 12.b3 f5 13.Be3 Re8 14.Qd2 Qc7 15.Rad1 Rad8 16.h3
Bh5 17.Rfe1 Nd7 18.d5 cxd5 19.Qxd5 Nf6 20.Qc5 Qxc5 21.Bxc5 Rxd1 0-1

[Event "17. Int. Offene Wiener Schachmeisterschaft 2011 A-
[Site "Grosser Festsaal im Wiener Rathaus"]
[Date "2011.08.13"]
[Round "1"]
[Board "1"]
[White "Uta, Adeline Ramona"]
[Black "Gozzoli, Yannick"]
[Result "0-1"]
[WhiteElo "2099"]
[BlackElo "2532"]
[PlyCount "104"]
[EventDate "2011.08.13"]
[EventRounds "9"]
[EventCountry "AUT"]

1.e4 Nf6 2.e5 Nd5 3.d4 d6 4.c4 Nb6 5.exd6 cxd6 6.Nf3 g6 7.b3 Bg7 8.Bb2 O-O 9.Bd3
Bg4 10.Nbd2 Nc6 11.h3 Bxf3 12.Nxf3 d5 13.Be2 dxc4 14.bxc4 Qd7 15.O-O Rfd8 16.c5
Nd5 17.Bc4 e6 18.Rb1 Qc7 19.Qe2 h6 20.Rfd1 Rd7 21.Bb5 Rad8 22.Bxc6 bxc6 23.Qa6
Rb8 24.Ba1 Rdd8 25.Nd2 Rxb1 26.Rxb1 Qf4 27.Nf3 Rb8 28.Rxb8+ Qxb8 29.Qd3 Qb4
30.Qb3 Qa5 31.Bb2 Qa6 32.Bc1 Qe2 33.Qb2 Qd1+ 34.Kh2 g5 35.Bd2 Bf6 36.Qb8+ Kg7
37.Qxa7 Qf1 38.Kg3 Bd8 39.Qd7 Bc7+ 40.Ne5 Bxe5+ 41.dxe5 Qe2 42.Be3 Nxe3 43.fxe3
Qxe3+ 44.Kh2 Qxe5+ 45.Kh1 Qxc5 46.Qd3 Qc1+ 47.Kh2 c5 48.Qb5 Qf4+ 49.Kh1 c4
50.Qb2+ Qf6 51.Qc2 Qf1+ 52.Kh2 Qd3 0-1

[Event "17. Int. Offene Wiener Schachmeisterschaft 2011 A-
[Site "Grosser Festsaal im Wiener Rathaus"]
[Date "2011.08.13"]
[Round "1"]
[Board "1"]
[White "Shengelia, David"]
[Black "Mayr, Thomas"]
[Result "1-0"]
[WhiteElo "2513"]
[BlackElo "2099"]
[PlyCount "73"]
[EventDate "2011.08.13"]
[EventRounds "9"]
[EventCountry "AUT"]

1.d4 Nf6 2.c4 e6 3.Nc3 Bb4 4.e3 O-O 5.Bd3 b6 6.Nge2 Bb7 7.O-O d5 8.cxd5 exd5
9.Ng3 a5 10.a3 Bxc3 11.bxc3 Ba6 12.a4 Bxd3 13.Qxd3 Re8 14.c4 Nc6 15.Ba3 Nb4
16.Qc3 c5 17.dxc5 bxc5 18.Rfd1 Qb6 19.cxd5 Nfxd5 20.Qc4 Nf6 21.Rac1 Rac8 22.Nf5
Rcd8 23.Bb2 Nbd5 24.Bxf6 Nxf6 25.Rxd8 Rxd8 26.h3 g6 27.Nh6+ Kg7 28.Nxf7 Rd5
29.f4 Qb4 30.Ne5 Qd2 31.Rc3 Qe1+ 32.Kh2 Qf2 33.Rd3 Qf1 34.Qb3 Rxd3 35.Qf7+ Kh6
36.Qf8+ Kh5 37.g4+ 1-0

[Event "17. Int. Offene Wiener Schachmeisterschaft 2011 A-
[Site "Grosser Festsaal im Wiener Rathaus"]
[Date "2011.08.13"]
[Round "1"]
[Board "1"]
[White "Adlersburg, Peter"]
[Black "Krivoborodov, Egor"]
[Result "0-1"]
[WhiteElo "2096"]
[BlackElo "2507"]
[PlyCount "52"]
[EventDate "2011.08.13"]
[EventRounds "9"]
[EventCountry "AUT"]

1.e4 c5 2.c3 d5 3.exd5 Qxd5 4.d4 Nf6 5.Nf3 e6 6.a3 Nc6 7.Bd3 cxd4 8.cxd4 Be7
9.O-O O-O 10.Nc3 Qd6 11.Bg5 Rd8 12.Nb5 Qd7 13.Qa4 h6 14.Bh4 Nd5 15.Bg3 a6 16.Nc3
b5 17.Qc2 Nxc3 18.bxc3 Bb7 19.Rfe1 Rac8 20.Qe2 Na5 21.Ne5 Qd5 22.f3 Rxc3 23.Bf2
Qd6 24.Kh1 Bd5 25.Qd2 Rdc8 26.Ng4 Nb3 0-1

[Event "17. Int. Offene Wiener Schachmeisterschaft 2011 A-
[Site "Grosser Festsaal im Wiener Rathaus"]
[Date "2011.08.13"]
[Round "1"]
[Board "1"]
[White "Timoscenko, Gennadij"]
[Black "Sekyra, Michael"]
[Result "1-0"]
[WhiteElo "2502"]
[BlackElo "2096"]
[PlyCount "70"]
[EventDate "2011.08.13"]
[EventRounds "9"]
[EventCountry "AUT"]

1.d4 Nf6 2.c4 g6 3.Nc3 Bg7 4.e4 O-O 5.Nf3 d6 6.Be2 e5 7.Be3 Nc6 8.d5 Ne7 9.Nd2
Nd7 10.b4 f5 11.f3 f4 12.Bf2 g5 13.c5 Nf6 14.Nc4 Ng6 15.cxd6 cxd6 16.Nb5 g4
17.Nbxd6 g3 18.hxg3 fxg3 19.Bxg3 Nf4 20.Bf1 b5 21.Nxb5 N6xd5 22.Qb3 Qg5 23.Bh4
Nxg2+ 24.Bxg2 Qxg2 25.O-O-O Be6 26.exd5 Bf5 27.Rhg1 Qh2 28.Bg3 Qh6+ 29.Kb2 Rfe8
30.Nc7 e4+ 31.Be5 Rxe5 32.Nxe5 Qh2+ 33.Ka3 Qxe5 34.Nxa8 e3 35.d6+ Be6 1-0

[Event "17. Int. Offene Wiener Schachmeisterschaft 2011 A-
[Site "Grosser Festsaal im Wiener Rathaus"]
[Date "2011.08.13"]
[Round "1"]
[Board "1"]
[White "Campini, Marco"]
[Black "Rombaldoni, Denis"]
[Result "0-1"]
[WhiteElo "2094"]
[BlackElo "2495"]
[PlyCount "108"]
[EventDate "2011.08.13"]
[EventRounds "9"]
[EventCountry "AUT"]

1.e4 c5 2.Nc3 e6 3.g3 Nc6 4.Bg2 g6 5.d3 Bg7 6.Nge2 Nge7 7.Bg5 h6 8.Be3 Nd4 9.Nf4
b5 10.Qd2 b4 11.Nd1 Qa5 12.O-O d6 13.f3 Rb8 14.Bf2 h5 15.Ne3 h4 16.gxh4 Ndc6
17.Rfb1 Qc7 18.Bg3 Bf6 19.Qf2 a5 20.Ne2 Ba6 21.Ng4 Bg7 22.Qxc5 e5 23.Qf2 f5
24.Ne3 f4 25.Nxf4 exf4 26.Bxf4 O-O 27.Bg5 a4 28.a3 b3 29.c4 Rf7 30.Qd2 Rbf8
31.f4 Nd4 32.h5 Ne6 33.hxg6 Nxg6 34.Kh1 Nxg5 35.fxg5 Rf2 36.Qe1 Qd8 37.Ng4 Rc2
38.Nf6+ Bxf6 39.gxf6 Rxf6 40.Qg3 Kg7 41.Bh3 Bc8 42.Rg1 Bxh3 43.Qxh3 Rxb2 44.Qg3
Rbf2 45.d4 b2 46.Rae1 Qe8 47.Qd3 Rxh2+ 48.Kxh2 Qh8+ 49.Qh3 Rf2+ 50.Kg3 Rf3+
51.Kxf3 Qxh3+ 52.Rg3 Qh6 53.Ke2 Qh2+ 54.Kf3 Qc2 0-1

[Event "17. Int. Offene Wiener Schachmeisterschaft 2011 A-
[Site "Grosser Festsaal im Wiener Rathaus"]
[Date "2011.08.13"]
[Round "1"]
[Board "1"]
[White "Riff, Jean-Noel"]
[Black "Larmuseau, Michiel"]
[Result "1/2-1/2"]
[WhiteElo "2493"]
[BlackElo "2094"]
[PlyCount "107"]
[EventDate "2011.08.13"]
[EventRounds "9"]
[EventCountry "AUT"]

1.e4 e6 2.d4 d5 3.Nc3 Bb4 4.Nge2 dxe4 5.a3 Be7 6.Nxe4 Nf6 7.N2g3 Bd7 8.Nxf6+
Bxf6 9.Nh5 Bc6 10.c3 Qd5 11.Be3 Nd7 12.c4 Qe4 13.Nf4 Bxd4 14.Qxd4 Qxd4 15.Bxd4
e5 16.Bc3 exf4 17.Bxg7 Rg8 18.Bh6 O-O-O 19.f3 Ne5 20.Bxf4 Nd3+ 21.Bxd3 Rxd3
22.Kf2 Rd4 23.Be3 Rxc4 24.Rac1 Rxc1 25.Rxc1 Rd8 26.Rc4 f5 27.Rh4 Rd7 28.Rh6 Bd5
29.Rf6 Rf7 30.Rxf7 Bxf7 31.Kg3 a6 32.Kf4 Bg6 33.Kg5 Kd7 34.Kf6 b6 35.h4 c5
36.Bf4 b5 37.b4 cxb4 38.axb4 Ke8 39.Ke6 Kf8 40.Bh6+ Kg8 41.Ke7 Bf7 42.Kf6 Bg6
43.Bf4 Kf8 44.Be5 Kg8 45.Kg5 Kf8 46.Bd6+ Kg8 47.Bc5 Kh8 48.h5 Be8 49.h6 Bd7
50.Kf6 Kg8 51.Ke7 Bc8 52.Be3 Bb7 53.Bf4 Bc8 54.Be5 1/2-1/2

[Event "17. Int. Offene Wiener Schachmeisterschaft 2011 A-
[Site "Grosser Festsaal im Wiener Rathaus"]
[Date "2011.08.13"]
[Round "1"]
[Board "1"]
[White "Molnar, Attila"]
[Black "Farago, Ivan"]
[Result "0-1"]
[WhiteElo "2094"]
[BlackElo "2485"]
[PlyCount "108"]
[EventDate "2011.08.13"]
[EventRounds "9"]
[EventCountry "AUT"]

1.e4 c5 2.Nc3 e6 3.g3 Nc6 4.Bg2 g6 5.d3 Bg7 6.Be3 d6 7.Qd2 Nd4 8.Nd1 Ne7 9.c3
Ndc6 10.Bh6 O-O 11.h4 f6 12.Bxg7 Kxg7 13.h5 g5 14.h6+ Kh8 15.f4 gxf4 16.gxf4 Ng6
17.Nf3 f5 18.e5 dxe5 19.fxe5 Ngxe5 20.Nxe5 Nxe5 21.Nf2 Rg8 22.Qe3 Qd6 23.Rg1 Ng6
24.Nh3 Qe5 25.Qxe5+ Nxe5 26.O-O-O Rb8 27.Nf4 Nf7 28.Rde1 Rg4 29.Nh5 Nxh6 30.Bf3
Rxg1 31.Rxg1 Bd7 32.Nf6 Bc6 33.Bxc6 bxc6 34.Re1 Ng4 35.Rxe6 Rf8 36.Nd7 Rf7
37.Nxc5 f4 38.Re1 f3 39.Ne4 Kg7 40.Kd2 h5 41.Rf1 Kg6 42.b4 h4 43.Nf2 Nxf2
44.Rxf2 Kg5 45.Ke1 Kg4 46.Kf1 Kg3 47.a4 Re7 48.b5 cxb5 49.axb5 Re3 50.Rd2 h3
51.c4 h2 52.Rxh2 Kxh2 53.Kf2 Rxd3 54.c5 Rb3 0-1

[Event "17. Int. Offene Wiener Schachmeisterschaft 2011 A-
[Site "Grosser Festsaal im Wiener Rathaus"]
[Date "2011.08.13"]
[Round "1"]
[Board "1"]
[White "Fauland, Alexander"]
[Black "Popescu, Mircea"]
[Result "1-0"]
[WhiteElo "2477"]
[BlackElo "2092"]
[PlyCount "73"]
[EventDate "2011.08.13"]
[EventRounds "9"]
[EventCountry "AUT"]

1.Nf3 Nf6 2.g3 g6 3.b3 Bg7 4.Bb2 d5 5.Bg2 c5 6.c4 O-O 7.cxd5 Nxd5 8.Bxg7 Kxg7
9.Qc1 Qd6 10.O-O Nc6 11.Nc3 Nxc3 12.Qxc3+ f6 13.Rac1 b6 14.d4 Nxd4 15.Nxd4 cxd4
16.Qc7 Rb8 17.Qxa7 Bb7 18.Bxb7 Qd7 19.Qxb6 Rxb7 20.Qc5 Ra8 21.Rc2 Rb5 22.Qc4 Rh5
23.f3 Qa7 24.Kg2 Ra5 25.a4 Rb8 26.Rd1 e5 27.Rdc1 Qb6 28.Rb2 Ra7 29.Qd5 Rd8
30.Qe4 Rxa4 31.bxa4 Qxb2 32.Rc7+ Kg8 33.Qc6 Qxe2+ 34.Kh3 Rf8 35.Qd7 Qf1+ 36.Kh4
g5+ 37.Kh5 1-0

[Event "17. Int. Offene Wiener Schachmeisterschaft 2011 A-
[Site "Grosser Festsaal im Wiener Rathaus"]
[Date "2011.08.13"]
[Round "1"]
[Board "1"]
[White "Gstach, Jakob"]
[Black "Rau, Hannes"]
[Result "0-1"]
[WhiteElo "2033"]
[BlackElo "2448"]
[PlyCount "86"]
[EventDate "2011.08.13"]
[EventRounds "9"]
[EventCountry "AUT"]

1.d4 Nf6 2.c4 e6 3.Nc3 Bb4 4.Qc2 O-O 5.a3 Bxc3+ 6.Qxc3 d6 7.Bg5 Nbd7 8.e3 b6
9.Ne2 c5 10.Rd1 Qc7 11.Qd3 Ba6 12.Nc3 d5 13.Nb5 Bxb5 14.cxb5 e5 15.Be2 Ne4
16.Bh4 exd4 17.exd4 c4 18.Qc2 f5 19.Be7 Rfe8 20.Bb4 Re6 21.b3 Rae8 22.O-O Rh6
23.g3 f4 24.Bf3 Ndf6 25.Bd2 Rg6 26.Kh1 fxg3 27.fxg3 c3 28.Bf4 Qd7 29.a4 h5
30.Be5 h4 31.gxh4 Qh3 32.h5 Rxe5 33.hxg6 Ng3+ 34.Kg1 Ne2+ 35.Kh1 Ng3+ 36.Kg1
Ne2+ 37.Kh1 Ne4 38.Bxe4 Rxe4 39.Qd3 Re3 40.Qb1 Ng3+ 41.Kg1 Nxf1 42.Rxf1 Re2
43.Rf2 Qe3 0-1

[Event "17. Int. Offene Wiener Schachmeisterschaft 2011 A-
[Site "Grosser Festsaal im Wiener Rathaus"]
[Date "2011.08.13"]
[Round "1"]
[Board "1"]
[White "Kostic, Vladimir"]
[Black "De Groote, Jesper"]
[Result "1/2-1/2"]
[WhiteElo "2445"]
[BlackElo "2090"]
[PlyCount "99"]
[EventDate "2011.08.13"]
[EventRounds "9"]
[EventCountry "AUT"]

1.e4 e5 2.d4 exd4 3.Nf3 Nc6 4.c3 d5 5.exd5 Qxd5 6.cxd4 Bg4 7.Be2 Bb4+ 8.Nc3 Bxf3
9.Bxf3 Qc4 10.Qb3 Qxb3 11.axb3 Nxd4 12.Bxb7 Nc2+ 13.Kd1 Nxa1 14.Bc6+ Kd8 15.Bxa8
Nxb3 16.Be3 Ne7 17.Kc2 Na5 18.Bf3 Nac6 19.Rd1+ Kc8 20.Nd5 Bd6 21.Nxe7+ Nxe7
22.Bxa7 Kd7 23.Bd4 Rg8 24.Be2 Nf5 25.Bc3 Re8 26.Bb5+ c6 27.Bc4 f6 28.g4 Ne7
29.h4 h6 30.f4 Nd5 31.Rxd5 cxd5 32.Bb5+ Ke7 33.Bxe8 Kxe8 34.f5 Kd7 35.Be1 Kc6
36.Kd3 Kc5 37.Ba5 Kc6 38.Bd2 Kc5 39.g5 fxg5 40.hxg5 hxg5 41.Bxg5 Be5 42.Be3+ d4
43.Bf2 Kd5 44.b4 Bf6 45.b5 Kc5 46.b6 Kxb6 47.Bxd4+ Bxd4 48.Kxd4 Kc6 49.Ke5 Kd7
50.Ke4 1/2-1/2

[Event "17. Int. Offene Wiener Schachmeisterschaft 2011 A-
[Site "Grosser Festsaal im Wiener Rathaus"]
[Date "2011.08.13"]
[Round "1"]
[Board "1"]
[White "De Vita, Gianni"]
[Black "Renner, Christoph"]
[Result "0-1"]
[WhiteElo "2090"]
[BlackElo "2434"]
[PlyCount "102"]
[EventDate "2011.08.13"]
[EventRounds "9"]
[EventCountry "AUT"]

1.e4 e6 2.d4 d5 3.exd5 exd5 4.Nf3 Bg4 5.h3 Bh5 6.Bd3 Nc6 7.c3 Bd6 8.O-O Nge7
9.Re1 Qd7 10.b4 Bg6 11.Ne5 Bxe5 12.dxe5 O-O-O 13.a4 d4 14.Bxg6 Nxg6 15.Bg5 dxc3
16.Qb3 Rde8 17.Nxc3 Nd4 18.Qb2 Nxe5 19.Red1 Ndf3+ 20.Kh1 Qf5 21.Be3 Nc4 22.Qe2
Nxe3 23.fxe3 Ne5 24.e4 Qe6 25.Nd5 c6 26.Rac1 Kb8 27.Nf4 Qf6 28.Rf1 Ng6 29.Nd3
Qe7 30.Nc5 Ne5 31.b5 Rc8 32.Qb2 f6 33.bxc6 Rxc6 34.Qb4 Ka8 35.Rfd1 Rhc8 36.Rd7
Qxd7 37.Nxd7 Rxc1+ 38.Kh2 Nxd7 39.Qe7 R1c7 40.Qxg7 Nc5 41.Qxf6 Nxe4 42.Qf5 Nc5
43.Qf4 a5 44.Qg4 Ka7 45.Qd4 Rd7 46.Qc4 b6 47.Qc2 Re8 48.h4 Re4 49.g3 Rxa4 50.Kh3
Ra3 51.Qf5 Rg7 0-1

[Event "17. Int. Offene Wiener Schachmeisterschaft 2011 A-
[Site "Grosser Festsaal im Wiener Rathaus"]
[Date "2011.08.13"]
[Round "1"]
[Board "1"]
[White "Diermair, Andreas"]
[Black "Malinarski, Yehuda"]
[Result "1-0"]
[WhiteElo "2432"]
[BlackElo "2069"]
[PlyCount "101"]
[EventDate "2011.08.13"]
[EventRounds "9"]
[EventCountry "AUT"]

1.d4 Nf6 2.c4 e6 3.g3 d5 4.Nf3 Be7 5.Bg2 O-O 6.O-O dxc4 7.Qc2 c5 8.dxc5 Bxc5
9.Nbd2 Nc6 10.Nxc4 h6 11.Nce5 Qe7 12.Nxc6 bxc6 13.Ne5 Bb7 14.Bd2 Rac8 15.Rac1
Bb6 16.Nc4 Rfd8 17.Rfd1 c5 18.e4 Rc7 19.Bf4 Rxd1+ 20.Rxd1 Rd7 21.f3 Qd8 22.Rxd7
Qxd7 23.Qd2 Qxd2 24.Bxd2 Bc7 25.Bf1 Ba6 26.Na5 Bxf1 27.Kxf1 Bxa5 28.Bxa5 Kf8
29.Ke2 Ke7 30.Bc3 Ne8 31.h4 h5 32.g4 g6 33.gxh5 gxh5 34.Ke3 Nd6 35.Kf4 f6
36.Bxf6+ Kxf6 37.e5+ Ke7 38.exd6+ Kxd6 39.Kg5 Ke5 40.Kxh5 Kf5 41.Kh6 Kf6 42.b3
e5 43.h5 a6 44.a3 a5 45.a4 Kf5 46.Kg7 Kf4 47.h6 Kxf3 48.h7 e4 49.h8=Q e3 50.Qh2
e2 51.Qg1 1-0

[Event "17. Int. Offene Wiener Schachmeisterschaft 2011 A-
[Site "Grosser Festsaal im Wiener Rathaus"]
[Date "2011.08.13"]
[Round "1"]
[Board "1"]
[White "Heiny, Michael"]
[Black "Poetz, Florian"]
[Result "0-1"]
[WhiteElo "2085"]
[BlackElo "2416"]
[PlyCount "65"]
[EventDate "2011.08.13"]
[EventRounds "9"]
[EventCountry "AUT"]

1.d4 Nf6 2.c4 e6 3.Nf3 Bb4+ 4.Bd2 c5 5.e3 O-O 6.Nc3 cxd4 7.exd4 d5 8.c5 b6 9.a3
Bxc3 10.Bxc3 Ne4 11.cxb6 Nxc3 12.bxc3 axb6 13.Bd3 Ba6 14.O-O Nc6 15.Qc2 Bxd3
16.Qxd3 Na5 17.Nd2 Qc7 18.Rfc1 Rfc8 19.Qb5 Qf4 20.Rc2 Rc6 21.Nb3 Qc7 22.Nxa5
bxa5 23.Rb1 h6 24.c4 dxc4 25.Rc3 Rd8 26.Qe5 Rd5 27.Qe3 Qd6 28.Rbc1 Rxd4 29.g3
Rd1+ 30.Rxd1 Qxd1+ 31.Kg2 Qd5+ 32.f3 Rd6 33.Kh3 0-1

[Event "17. Int. Offene Wiener Schachmeisterschaft 2011 A-
[Site "Grosser Festsaal im Wiener Rathaus"]
[Date "2011.08.13"]
[Round "1"]
[Board "1"]
[White "Schroll, Gerhard"]
[Black "Businger, Paul"]
[Result "1-0"]
[WhiteElo "2414"]
[BlackElo "2083"]
[PlyCount "69"]
[EventDate "2011.08.13"]
[EventRounds "9"]
[EventCountry "AUT"]

1.b3 e5 2.Bb2 Nc6 3.c4 Nf6 4.e3 d5 5.cxd5 Nxd5 6.a3 Bd6 7.Qc2 Qe7 8.d3 O-O 9.Nd2
Be6 10.Ngf3 f5 11.Be2 Rad8 12.b4 a6 13.Nc4 Bf7 14.O-O Rfe8 15.Rfe1 e4 16.Nd4
Nxd4 17.Bxd4 Bxh2+ 18.Kxh2 Qh4+ 19.Kg1 Re6 20.g3 Rg6 21.Bf1 f4 22.exf4 Nxf4
23.Rxe4 Bd5 24.Ne5 Rxg3+ 25.fxg3 Qxg3+ 26.Bg2 Nh3+ 27.Kf1 Rf8+ 28.Nf3 Rxf3+
29.Bxf3 Qxf3+ 30.Ke1 Bxe4 31.Qxc7 Qh1+ 32.Kd2 Qg2+ 33.Kc3 Bd5 34.Re1 h6 35.Re7 1-0

[Event "17. Int. Offene Wiener Schachmeisterschaft 2011 A-
[Site "Grosser Festsaal im Wiener Rathaus"]
[Date "2011.08.13"]
[Round "1"]
[Board "1"]
[White "Corrado, Astengo"]
[Black "Barle, Janez"]
[Result "0-1"]
[WhiteElo "2083"]
[BlackElo "2410"]
[PlyCount "102"]
[EventDate "2011.08.13"]
[EventRounds "9"]
[EventCountry "AUT"]

1.e4 c5 2.Nf3 a6 3.Nc3 e6 4.d4 cxd4 5.Nxd4 d5 6.exd5 exd5 7.Bd3 Nc6 8.Be3 Nf6
9.h3 Bd6 10.O-O O-O 11.Re1 Re8 12.Nxc6 bxc6 13.Bd4 Be6 14.Qf3 c5 15.Bxf6 Qxf6
16.Qxf6 gxf6 17.Rad1 Be5 18.Na4 c4 19.Be2 Rab8 20.b3 Rec8 21.g3 cxb3 22.cxb3 Rc2
23.Bxa6 Rxa2 24.Nc5 Bd6 25.Nxe6 fxe6 26.Bf1 Kf7 27.Rd3 Rb2 28.Rc1 R2xb3 29.Rc6
Ke7 30.Rd2 Rb2 31.Rxb2 Rxb2 32.Bd3 f5 33.Kg2 Rd2 34.Bb1 Kd7 35.Rc2 Rd1 36.Ba2
Be5 37.Bb3 Rd3 38.Ba4+ Ke7 39.Bb5 Rb3 40.Ba6 Rb6 41.Bd3 Kd6 42.f4 Bd4 43.Rd2 Rb4
44.Kf3 h5 45.h4 Rb3 46.Kg2 Be3 47.Rd1 Rb2+ 48.Kh3 Kc5 49.Re1 Kd4 50.Be2 Bg1
51.Kg2 Ke3 0-1